[Event "Olympiad-33"]
[Site "Elista"]
[Date "1998.10.12"]
[Round "13.1"]
[White "Damljanovic, Branko"]
[Black "Torre, Eugenio"]
[Result "1-0"]
[WhiteElo "2555"]
[BlackElo "2545"]
[Annotator "Tsesarsky,I"]
[PlyCount "73"]
[EventDate "1998.09.29"]
[EventType "team-swiss"]
[EventRounds "13"]
[EventCountry "RUS"]
[SourceTitle "CBM 068"]
[Source "ChessBase"]
[SourceDate "1999.02.01"]
[SourceVersion "1"]
[SourceVersionDate "1999.02.01"]
[SourceQuality "1"]
[WhiteTeam "Yugoslavia"]
[BlackTeam "Philippines"]
[WhiteTeamCountry "YUG"]
[BlackTeamCountry "PHI"]

{[%mdl 25280]} 1. c4 c6 2. e4 d5 3. exd5 cxd5 4. d4 Nf6 5. Nc3 e6 6. Nf3 Be7 7.
cxd5 Nxd5 8. Bd3 Nc6 9. O-O O-O 10. Re1 Bf6 11. Be4 Nce7 12. Qd3 g6 (12... h6
13. Qe2 (13. h4 $6 Bd7 14. a3 Bc6 15. Bd2 Rc8 16. Rad1 a6 17. g3 Qd6 18. Ne5 (
18. Nh2 Nxc3 19. Bxc3 Bxe4 20. Qxe4 Nd5 $17) 18... Nxc3 19. Bh7+ Kh8 20. bxc3
Bxe5 21. dxe5 Qxa3 $17) (13. Ne5 $5 Nxc3 14. Qxc3 Nf5 15. Be3 Nxe3 16. fxe3 (
16. Qxe3 Qb6 17. Rad1 Rd8 18. b3 Bd7 19. Ng4 Bg5 20. Qf3 Be8 21. Ne5 Rxd4 22.
Nc4 Rxd1 23. Rxd1 Qc7 24. Bxb7 Rd8 $15) 16... Rb8 17. Rad1 Bd7 18. Bb1 $14)
13... Bd7 14. Bb1 Nxc3 15. bxc3 Bc6 16. Ne5 Bxe5 17. Qxe5 Qd5 18. Qg3 Qh5 19.
Bc2 Nf5 20. Bxf5 exf5 21. c4 Rfe8 22. Be3 Qg4 23. d5 $14) (12... Ng6 13. Bd2 b6
14. h4 Bb7 15. h5 Ngf4 16. Qb1 Qc7 (16... Nxc3 17. Bxh7+ Kh8 18. bxc3 Bxf3 19.
Bxf4 (19. gxf3 Nxh5 20. Be4 Rc8 $132) 19... Bxh5 20. Be4 Rc8 21. Re3 $14) 17.
Bxh7+ Kh8 18. Be4 Nxh5 19. Bxd5 exd5 20. Ne5 g6 (20... Bxe5 21. Rxe5 Nf6 22.
Qf5 Rae8 23. Rae1 Rxe5 24. Rxe5 Qc4 25. Bg5 Nh7 26. Be7 Rc8 27. Qxf7 Qxd4 28.
Bd6 $18) 21. Nb5 Qd8 22. Bb4 $18) 13. Bh6 (13. h4 Bd7 14. Ne5 Bc6 15. Bh6 Re8
16. h5 Nf5 17. hxg6 hxg6 18. Nxc6 bxc6 19. Nxd5 cxd5 20. Bxf5 exf5 21. Bf4 Re4
22. Be5 Bxe5 23. dxe5 Qa5 $15) 13... Bg7 (13... Re8 14. h4 Qd6 15. Ne5 Bxh4 16.
g3 Bf6 17. Qf3) 14. Bxg7 (14. Qd2 Nf6 (14... Bd7 15. Bxg7 Kxg7 16. Bxd5 exd5 (
16... Nxd5 17. Nxd5 exd5 18. Re5 Bc6 19. Rae1 Re8 20. Rxe8 Bxe8 21. Ne5 $14)
17. Qf4 f6 18. Re2 Bc6 19. Rae1 Rf7 20. Re6 Ng8 21. h4 Rc8 22. g4 Qc7 23. Qxc7
Rcxc7 24. Nh2 (24. R6e3 Nh6 25. Nh2 $132 {1-0 Gipslis,A-Mikenas,V/cr
Lithuania-100 ,CCS 1988/[Gipslis] (56)}) 24... Nh6 25. f3 Ng8 $132 (25... Kf8
26. Kf2 Ng8 $1 $11 (26... Rce7 $2 $16 27. b4 a6 (27... Ng8 28. b5 Bd7 29. Rd6
Rxe1 30. Kxe1 $16) 28. a4 Rxe6 29. Rxe6 Re7 30. Rxf6+ $16 {1-0 Pushkov,
N-Shabanov,Y/Orel ,EXT 1992 (38)}))) (14... b6 15. h4 Bb7 16. h5 Nf5 17. Bxf5 (
17. Bxg7 Kxg7 18. Nxd5 Bxd5 19. Bxd5 Qxd5 20. Re5 Qd8 21. d5 exd5 22. Rxd5 Qf6
23. Rd1 Rae8 $11) 17... exf5 18. Bxg7 Kxg7 19. Rad1 $14) (14... Qd6 15. Bxd5 (
15. Ne5 Nf5 16. Bxg7 Kxg7 17. Rad1 Nf6 18. Bxf5 (18. g4 Ne7 19. Re3 Ned5 20.
Rh3 Ng8 21. Bg2 (21. Nc4 Qd8 22. Re1 $14) 21... f6 22. Nc4 $14 {1-0 Beim,V-Acs,
P/Budapest FS08 GM ,EXT 1995 (41)}) 18... exf5 19. d5 $16) (15. h4 Rd8 16. Bxg7
Kxg7 17. Rad1 Bd7 $11) 15... Nxd5 16. Bxg7 Kxg7 17. Nxd5 (17. Ne5 Rd8 $11)
17... Qxd5 18. Re5 Qd6 19. Rae1 Rd8 20. h4 Bd7 $132 (20... h5 21. Qc3 Kg8 22.
d5 Bd7 (22... f6 23. Rxh5 $5 (23. Rxe6 Bxe6 24. Rxe6 Qxd5 25. Qxf6 Qf5 26.
Qxg6+ Qxg6 27. Rxg6+ Kh7 28. Rg5 (28. Re6 Rd7 29. Ne5 Rc7 $132) 28... Kh6 $132)
23... gxh5 24. Qxf6 Rd7 (24... exd5 25. Re8+ $18) (24... Qf8 25. Qg5+ Kh7 26.
dxe6 $18) (24... e5 25. Qg5+ Kf8 26. Rxe5 $18) 25. Rxe6 Qf8 26. Qe5 Rxd5 27.
Qxd5 Bxe6 28. Qxe6+ Qf7 29. Qe3 Qf6 30. Ne5 Rc8 31. f4 $14) 23. Rxh5 gxh5 24.
Qf6 Qxd5 (24... Be8 25. Re5 Rac8 (25... exd5 26. Rxe8+ $18) 26. g3 $16 (26.
Rxh5 Rc1+)) 25. Re5 $18 (25. Ne5 $2 Be8 26. Re3 Qd1+ 27. Kh2 Rd4 28. f4 $16 (
28. Rg3+ $2 Rg4 29. Nxg4 hxg4 30. h5 Qd8 31. Rxg4+ Kf8 32. Qg7+ Ke7 33. Rf4 Qd6
(33... Qd5 $2 34. Qf6+ Kf8 35. h6 Rd8 36. h7 {1-0 Gipslis,A-Borer/Berlin 1991/
Inf 52/[Gipslis,A] (36)}) 34. g3 Qc5 $17)))) 15. Rad1 (15. Bc2 b6 16. Rad1 Bb7
17. Ne5 Nc6 18. Bg5 Ne7 (18... Nxe5 19. dxe5 Qxd2 20. Rxd2 Nd5 (20... Ng4 21.
f4 h6 22. Be7 Rfe8 23. Ba3 h5 24. h3 Nh6 25. Red1 Nf5 26. Ba4 Reb8 27. Rd3 h4
$14) 21. Be4 $14) 19. Re3 h6 (19... Nfd5 20. Nxd5 Bxd5 21. Rh3 f6 22. Bh6 fxe5
(22... Bxg2 $6 23. Kxg2 fxe5 24. Bxg7 Qd5+ 25. Kg1 Kxg7 26. Qh6+ $18) 23. Bxg7
Kxg7 24. Qh6+ Kf6 25. Qh4+ Kg7 26. Qxh7+ Kf6 27. Qh4+ Kf7 28. dxe5 $18) 20. Bh4
(20. Bxf6 Bxf6 21. Rh3 Bg7 22. Ng4 (22. Rxh6 Bxh6 23. Qxh6 Rc8 24. Nxg6 (24.
Rd3 Nf5 $17) 24... fxg6 25. Bxg6 Rf6 26. Qh7+ (26. Bh7+ Kf7 27. Qh5+ Ng6 28.
Rd3 Qd6 29. Rg3 Be4 $19) 26... Kf8 27. Qh6+ Kg8 28. Qh7+ $11) 22... h5 23. Nh6+
Kh8 (23... Kh7 24. Rxh5 $18) 24. g4 Nd5 25. gxh5 (25. Nxf7+ Rxf7 26. Bxg6 Rf4
27. Rxh5+ Kg8 28. Qe2 Qc8 29. h3 Nf6 $15) 25... g5 26. Ng4 Nf4 27. Rg3 Rc8 28.
h6 Bf6 29. Be4 Rxc3 30. Bxb7 Rc4 31. d5 exd5 32. Re1 Rd4 33. Qc2 Rc4 $132)
20... Ned5 $132) 15... Nxe4 16. Nxe4 Bd7 17. Bxg7 Kxg7 18. Qf4 Nd5 $11 (18...
Bc6 19. Qe5+ f6 20. Qxe6 $16 (20. Qd6 b6 {0-1 Krays,A-Kataev,S/Tel-Aviv Cup
rapid 1996 (20)}))) 14... Kxg7 15. Qd2 (15. Bxd5 Nxd5 16. Nxd5 exd5 (16... Qxd5
17. Rac1 (17. Re5 Qd6 18. Rae1 Bd7 19. Ng5 Bc6 20. d5 Bxd5 (20... exd5 21. Qd4
$16 {1-0 Darga,K-O'Kelly,A/Madrid(1) 1957 (25)}) 21. Qd4 Kg8 22. Ne4 (22. Qh4
h5 23. Nh7 (23. g4 f6 24. gxh5 fxe5 25. hxg6 Qe7 $19) 23... Kxh7 24. Rxh5+ gxh5
25. Qxh5+ Kg7 26. Qg5+ Kh7 27. Qh5+ $11 (27. Re3 Bf3 $19)) 22... Qd8 23. Rxd5
exd5 24. Nf6+ Kh8 25. Nd7+ (25. Re7 Rc8 26. g3 (26. h3 Rc1+ 27. Kh2 Qd6+ 28. f4
Rc4 $19) (26. g4) 26... Rc1+ (26... Qb6 27. Qe5 Rc1+ 28. Kg2 Qa6 29. Ne8+ f6
30. Rxh7+ Kxh7 31. Qe7+ Kh6 32. Qxf8+ Kg5 33. h4+ Kf5 34. g4+ Ke6 (34... Kxg4
35. Nxf6+ Kf5 36. Ng8+ Ke4 37. Qf3+ Ke5 38. Qe3+ $18) 35. Qxf6+ Kd7 36. Qf7+
Kc8 37. Nf6 Qf1+ 38. Kf3 Qd1+ 39. Kf4 Qd2+ 40. Kf3 Qd1+ 41. Kf4 $11) 27. Kg2
Rc4 28. Qe5 Rc6 29. Nxd5+ f6 30. Qe4 Qd6 $17) (25. g4 Qb6 26. Qe5 Qe6 $19)
25... f6 26. Nxf8 Qxf8 27. Qxd5 $11) 17... Bd7 18. Rc5 Qd6 19. Qe3 f6 20. Nd2
Bc6 21. Nc4 Qd7 22. Rc1 Rac8 {1/2-1/2 Rantanen,Y-Sigurjonsson,G/Randers zt-B
1982 (22)}) 17. Rac1 Be6 18. Qd2 Rc8 19. h4 $14 {1-0 Sanchez Almeyra,
J-Aparicio Navarro,P/Zaragoza 1992 (47)}) (15. Rac1 b6 (15... Qd6 16. Bxd5 Nxd5
17. Nxd5 Qxd5 18. Qc4 (18. b3 $5 $14) 18... Qxc4 19. Rxc4 Bd7 20. Rc7 Rfd8 21.
Rxb7 Bc6 22. Rc7 Bxf3 23. gxf3 Kf6 24. Re4 $16) (15... Nf6 16. Ne5 Nxe4 17.
Qxe4 Nd5 18. Ng4 Bd7 19. Qe5+ f6 20. Qg3 Nxc3 21. bxc3 Rc8 22. c4 Qa5 23. Qb3
b6 24. h3 $14 (24. h4 $2 e5 25. Ne3 exd4 26. Nd5 Rfe8 27. Rxe8 Rxe8 28. Qf3 Bf5
29. Qf4 Qc5 $19 {1/2-1/2 Tseitlin Mark D-Zhuravliov,V/ch URS select Rostov on
Don RUS 1976 (45)})) 16. a3 Bb7 17. Rc2 {1/2-1/2 Dely,P-Lengyel,L/HUN tt 1992 
(17)} (17. h4 $6 Rc8 $11) 17... Rc8 $132) (15. Ne5 a6 (15... Nf6 16. Bf3 Bd7
17. Bxb7 Rb8 18. Ne4 (18. Bf3 Rxb2 19. Rab1 Rxb1 20. Rxb1 $14) 18... Rxb7 19.
Nxf6 Bc8 (19... Kxf6 20. Qf3+ $18) 20. Ne4 Rxb2 21. d5 f6 (21... exd5 22. Qc3
Rb6 (22... f6 23. Qxb2 dxe4 24. Nc4 $18) 23. Nc6+ d4 24. Nxd4 Kg8 25. Qc5 (25.
Rad1 Nd5 26. Qa5 $16) 25... Nf5 (25... f5 26. Ng5 Rb7 27. Rad1 $18) 26. Nc6 Qc7
27. Rac1 Kg7 28. g4 Nh4 29. Qc3+ f6 30. Nxf6 Rxf6 31. Re7+ Qxe7 32. Nxe7 Bxg4
33. Nd5 $18) 22. Nc4 Rb8 (22... Rb5 23. d6 $14) 23. d6 Nd5 (23... Nf5 24. Nc5
Bd7 25. Rxe6 $16) 24. Rad1 Bd7 25. Qa3 $16 {1-0 Martin,A-Barbeau,S/Benidorm
1984 (36)}) (15... Bd7 16. Bxd5 exd5 17. Qf3 Be6 $14 {1-0 Lein,A-Burger,K/Beer
Sheva 1982 (41)}) (15... b6 16. Nxd5 (16. h4 Bb7 17. h5 Nf5 18. Nxd5 Bxd5 19.
Bxf5 exf5 20. Qd2 (20. Qg3 $132) 20... Qh4 21. Qb4 Rad8 (21... Qxh5 22. Qd6 $44
) (21... Qg5 22. f3 Rfc8 (22... Qxh5 23. Qd6 Rfd8 24. Nd7 Be6 25. Qe5+ $16) 23.
Re2 Qxh5 24. Qd6 Be6 25. Nc6 f4 26. Re5 Qh4 27. d5 $44) 22. hxg6 (22. Rac1 Qxh5
(22... Qg5 23. f3 $15) 23. Qd2 Qh6 24. f4 Qh4 $17 {0-1 Zaitsev,A-Unzicker,W/
Moscow 1961 (76)}) 22... hxg6 23. Re3 Rh8 24. Rh3 Qe4 25. Rg3 Rc8 26. Re1 Qh4
27. Rh3 Qf6 $17) 16... Nxd5 17. Qg3 Bb7 18. Nc4 Qb8 19. Qe5+ Nf6 {1/2-1/2
Reshevsky,S-Unzicker,W/Maribor 1967 (19)}) 16. Qf3 Ra7 17. Rad1 f6 18. Nc4 b5
19. Bxd5 exd5 20. Ne3 Be6 $14 {0-1 Zhukova,N-Tunik,G/St.Petersburg op2 1994 
(61)}) 15... Qd6 (15... b6 16. Rac1 Bb7 17. Ne5 $14) 16. Ne5 Bd7 17. h4 (17.
Nc4 Qc7 $1 (17... Qb4 $2 18. Rac1 Rac8 19. a3 Qb3 20. Nxd5 $18 Nxd5 (20... exd5
21. Rc3 Qa4 22. Bc2 Qc6 23. Na5 Qf6 24. Nxb7 $18) 21. Bxd5 exd5 22. Rc3 Qa4 23.
Nd6 Rxc3 24. Qxc3 b6 25. Qe3 Kg8 26. h4 h5 (26... Be6 27. h5 Qd7 28. Qe5 $18)
27. f4 Qc6 28. Qe5 f6 29. Qe7 Bg4 30. Kh2 a6 31. Ne8 Rf7 32. Qd8 Rf8 33. Re7
$18) 18. Nxd5 (18. Rac1 Bc6 19. Ne5 Rad8 20. Ng4 (20. Nxd5 exd5 21. Bd3 (21.
Ng4 f5 22. Qh6+ Kh8 $19) 21... f6 22. Ng4 Ng8 23. b4 Qd6 24. b5 Bd7 25. Ne3 $14
) 20... Qf4 $11) 18... Nxd5 (18... exd5 19. Bf3 dxc4 (19... Rfe8 20. Ne5 $14)
20. Rxe7 Rfe8 21. Rae1 Rxe7 22. Rxe7 Re8 23. Rxe8 Bxe8 24. d5 Qd6 25. Qc3+ Qf6
$11) 19. Bxd5 exd5 20. Ne5 f6 21. Rac1 Qd6 22. Nd3 $14) 17... Bc6 18. Rad1 Rad8
19. Bxd5 (19. Nc4 Qc7 $132) 19... Bxd5 20. Ng4 Nf5 21. h5 f6 22. h6+ (22. Ne3
Nxe3 23. Qxe3 Rfe8 $11) 22... Kf7 23. Ne3 Bc6 (23... Nxe3 24. fxe3 f5 25. e4 (
25. Rc1 Bc6 26. Qf2 Kg8 27. Red1 $11) 25... fxe4 26. Nxe4 Bxe4 27. Rxe4 Kg8 28.
Rde1 Rf6 29. Qg5 Rdf8 $11) 24. Nxf5 (24. d5 exd5 25. Nexd5 (25. Nxf5 gxf5 26.
Ne2 Rfe8 27. Nd4 Bd7 $17) 25... Rfe8 $11) 24... gxf5 25. Qe2 (25. Qc2 $6 Qf4
26. Qe2 Rfe8 27. Qh5+ Kf8 $132) 25... Rg8 26. Qh5+ Kf8 (26... Rg6 27. d5 $1
exd5 28. Rd4 Kg8 29. b4 b6 30. Red1 $2 (30. Qxf5 Rxh6 31. g3 Qd7 32. Re6 Kg7
33. Ne2 (33. b5 $1 Re8 34. Rg4+ Kf7 35. Rxf6+ Rxf6 36. Qxh7+ Ke6 37. Rg7 Qd6
38. Qh3+ Ke5 39. bxc6 (39. Qg4 Qc5 $19) 39... Qxc6 40. Rd7 Qxc3 41. Qh5+ Rf5
42. Qxe8+ Kd4 43. Rxa7 $16) 33... Re8 34. Nf4 a6 35. a3 Rxe6 36. Qxe6 (36.
Nxe6+ Kf7 37. Ng5+ Ke7 $17) 36... Qxe6 37. Nxe6+ Kg8 38. Nc7 Kf7 39. Nxa6 Ke6
40. b5 Bb7 41. Nb4 Ke5 42. Nc2 $14) 30... Qe5 31. b5 Be8 32. Qh3 Bf7 $15) 27.
d5 Rg5 $1 (27... exd5 $2 28. Qxf5 Rg5 (28... d4 29. Re6 Rxg2+ 30. Kf1 Rxf2+ 31.
Kxf2 Qh2+ 32. Ke1 Qh4+ 33. Qf2 Qh1+ 34. Kd2 dxc3+ 35. Kxc3 Qh3+ 36. Re3 Qxe3+
37. Qxe3 Rxd1 38. Qc5+ Kg8 39. Qe7 $18) 29. Qxh7 Qd7 30. Qxd7 (30. Qd3 Rh5 31.
Ne4 Qc7 (31... Rxh6 32. Nc5 Qd6 33. Ne6+ $18) 32. Ng3 (32. Qa3+ Kf7 33. Ng3
Rxh6 34. Qxa7 Rdh8 35. Qc5 b6 (35... Rh1+ 36. Nxh1 Qh2+ 37. Kf1 Qxh1+ 38. Ke2
Qxg2 39. Kd2 $18) 36. Qb4 (36. Re7+ Qxe7 37. Qxc6 Qe6 $17) 36... Rh4 37. Rd4
Rh2 38. Re3 Bb7 39. Qc3 $16) 32... Rxh6 33. Qe3 (33. Qa3+ Kf7 34. Qxa7 $16)
33... Rh8 34. Qxa7 Qh7 35. Qc5+ Kg8 36. Rd4 $16) 30... Rxd7 31. Rd4 $16) 28.
Qe2 (28. Qxg5 fxg5 29. dxe6 Qe7 30. Rxd8+ Qxd8 31. e7+ Qxe7 32. Rxe7 Kxe7 $17)
(28. dxc6 Rxh5 29. Rxd6 Rxd6 30. cxb7 Rb6 31. Rxe6 Rxb2 32. Rxf6+ Ke8 33. g3
Rxb7 34. Nd5 $15) (28. Qh4 exd5 29. Rd4 Kg8 30. b4 (30. Nd1 Be8 31. Ne3 Rh5 32.
Rxd5 Qxd5 (32... Rxh4 33. Rxd6 Rxd6 34. Nxf5 Rd2 35. Nxh4 Kf8 36. Rb1 Bc6 37.
a3 a5 38. b3 Ra2 39. a4 Bd5 $44) 33. Qg3+ Rg5 34. Qxg5+ fxg5 35. Nxd5 Rxd5 36.
Rxe8+ Kf7 37. Rb8 Rd7 $17 {[%csl Rh6]}) 30... a6 31. a4 b6 32. b5 axb5 33. axb5
Bb7 34. Re3 Ra8 35. g3 Rg6 $132) 28... exd5 (28... Bxd5 29. Nxd5 exd5 30. Rd4
$44) 29. Nb5 Qb4 $2 $16 (29... Bxb5 30. Qxb5 Rh5 31. g3 f4 32. Qxb7 Rxh6 33.
Rd3 Qd7 (33... a6 34. gxf4 Rd7 35. Qc8+ Rd8 36. Qb7 $11) 34. Qb4+ Qd6 35. Qb7
$11) 30. Nc7 Rd6 $2 $18 (30... Kf7 31. Ne6 Rdg8 32. Nxg5+ Rxg5 33. f3 (33. Rd3
Qe4 34. Rg3 Rxg3 35. fxg3 Qxe2 36. Rxe2 $16) 33... Kg6 34. Qf2 Kxh6 35. Rd4 $16
) 31. Qe7+ Kg8 32. g3 $1 Qf4 33. Rd3 $1 Bd7 34. Qd8+ Kf7 35. Re7+ Kg6 36. Qg8+
Kh5 37. Qf7+ (37. Qf7+ Rg6 38. Qxg6+ Kxg6 39. gxf4 $18) 1-0

[Event "ARM-ch"]
[Site "Yerevan"]
[Date "2000.09.06"]
[Round "7"]
[White "Minasian, Ara"]
[Black "Danielian, Elina"]
[Result "1-0"]
[WhiteElo "2466"]
[BlackElo "2389"]
[Annotator "Tsesarsky,I"]
[PlyCount "49"]
[EventDate "2000.08.30"]
[EventType "tourn"]
[EventRounds "9"]
[EventCountry "ARM"]
[EventCategory "11"]
[SourceTitle "CBM 079"]
[Source "ChessBase"]
[SourceDate "2000.11.21"]
[SourceVersion "1"]
[SourceVersionDate "2000.11.21"]
[SourceQuality "1"]

1. e4 c6 2. d4 d5 3. exd5 cxd5 4. c4 Nf6 5. Nc3 e6 6. Nf3 Be7 7. cxd5 Nxd5 8.
Bd3 Nc6 9. O-O O-O 10. Re1 Bf6 11. Be4 (11. Bc4 Nce7 12. Ne5 Nc6 13. Nf3 Nce7
14. Ne5 Nc6 15. Qd3 h6 16. Bxd5 exd5 17. Bf4 $11 {0-1 Zaichik,G-Khenkin,I/
Leningrad 1989/ (42)}) 11... Nce7 12. Ne5 Nc6 13. Qd3 (13. Nf3 Nce7 14. Ne5 Nc6
15. Qd3 h6 16. a3 Nde7 17. Nxc6 bxc6 18. Rd1 Nd5 19. Qc4 Bb7 20. Bc2 {[%cal
Gc4d3]} Bg5 21. Qd3 g6 22. Ne4 Bxc1 23. Raxc1 $14 {1/2-1/2 Minasian Ara-Asrian
Karen/Ch Armenia, Yerevan (Armenia) 1996/ (53)}) 13... g6 $6 $14 ({Much better
is} 13... h6 {[%csl Rc1] -mainline} 14. a3 Nde7 (14... Bxe5 {see comments to
the game  1/2-1/2 Nijboer,F-van der Sterren,P/Nederland (ch) 1989/Inf 48/
[Nijboer,F] (42)}) 15. Nxc6 Nxc6 16. d5 exd5 17. Nxd5 Be6 18. Nxf6+ Qxf6 19.
Be3 $14 {1-0 Ljubojevic,L-Khalifman,A/Groningen PCA ,CBM 1993/ (61)}) 14. Bh6 {
Convenient place for White B!} Re8 $2 $16 (14... Bg7 $142 15. Bxg7 Kxg7 16.
Bxd5 exd5 17. Nxc6 bxc6 18. Na4 $14 {0-1 Sher,M-Asrian,K/Erevan op 1996/EXP 52/
(65)}) 15. Rad1 {This position is already difficult for Black.} Bh8 (15... Nxe5
$2 16. dxe5 Bxe5 17. Bxg6 $1 hxg6 (17... Bxh2+ 18. Kxh2 Qh4+ 19. Kg1 Nf6 (19...
Qxh6 20. Nxd5 $18) 20. Bxh7+ $1 $18) 18. Rxe5 $16 {[%csl Rd5,Rg8]}) (15... Qd6
16. Ng4 $1 $16 {[%csl Rd5][%cal Ge1e8]}) 16. Qf3 {[%csl Rf7]} Nxe5 $6 (16... f6
$142 17. Nc4 {[%csl Rd5]} (17. Nxd5 fxe5 18. dxe5 Nxe5 $1 $14 {[%cal Ge5f7]})
17... Nce7 18. Ne3 Nxe3 19. Bxe3 {[%csl Rb7]} f5 20. Bxb7 Bxb7 21. Qxb7 $16)
17. dxe5 Qh4 (17... Bxe5 18. Bxg6 $18) 18. Nxd5 exd5 19. Bxd5 Be6 $2 $18 ({
After} 19... Bf5 20. Qf4 Qxf4 21. Bxf4 $16 {For P lack Black hasn't any
compensation.}) 20. Bxe6 Rxe6 21. Rd7 {[%csl Rf7]} Bf6 22. Bf4 $1 g5 (22...
Rae8 23. Re4 $18) 23. g3 (23. Bg3 Qb4 24. Red1 $18) 23... Qh3 (23... Qh6 24.
Bd2 Rd8 25. Qxb7 $18) 24. Bxg5 Ree8 25. Rxb7 1-0

[Event "FRA-ch"]
[Site "Auxerre"]
[Date "1996.??.??"]
[Round "10"]
[White "Vaisser, Anatoli"]
[Black "Anic, Darko"]
[Result "1-0"]
[WhiteElo "2565"]
[BlackElo "2455"]
[Annotator "Vaisser,A"]
[PlyCount "45"]
[EventDate "1996.??.??"]
[EventType "tourn"]
[EventRounds "15"]
[EventCountry "FRA"]
[EventCategory "9"]
[SourceTitle "CBM 054 Extra"]
[Source "ChessBase"]
[SourceDate "1996.11.01"]
[SourceVersion "1"]
[SourceVersionDate "1996.11.01"]
[SourceQuality "1"]

1. d4 c6 2. e4 d5 3. exd5 cxd5 4. c4 Nf6 5. Nc3 e6 6. Nf3 Be7 7. cxd5 Nxd5 8.
Bd3 Nc6 9. O-O O-O 10. a3 Nxc3 (10... Bf6) (10... Nf6) 11. bxc3 b6 12. Re1 (12.
Qc2 $5 g6 13. h4 Bxh4 $2 14. Bh6 Re8 15. Bb5 Bb7 16. Qe4 $16) 12... Bb7 13. h4
$5 g6 (13... Bxh4 14. Nxh4 Qxh4 15. Re3 $1 g6 (15... h6 $6 16. Rh3 Qf6 17. Qg4
$16) 16. Rg3 Qe7 17. Bg5 f6 18. Bh6 Rf7 19. Bxg6 hxg6 20. Rxg6+ Kh8 21. Qh5 Rh7
22. Re1 e5 23. d5 Na5 24. d6 Qf7 25. Rxe5 $1 $40) 14. Ng5 (14. Bh6 Re8 15. Ng5)
14... Bf6 15. Qg4 h5 16. Qg3 Ne7 17. Bf4 Nf5 $2 {[#]} (17... Rc8 $142 18. Rac1
Qd7 $13 {Hansen,C-Ribli,Z/Plovdiv 1983}) 18. Nxe6 $1 fxe6 $2 (18... Nxg3 $6 19.
Nxd8 Raxd8 20. Bxg3 $16) (18... Bxh4 $142 19. Nxd8 Bxg3 20. Bxg3 Rfxd8 21. Bxf5
gxf5 22. Re5 $1 Rd5 23. Re7 Ba6 $16) 19. Qxg6+ Bg7 (19... Ng7 20. Rxe6 Qd5 21.
Qh7+ Kf7 22. Rxf6+ $1 $18) 20. Rxe6 $1 $18 (20. Qxe6+ $2 Kh8 21. Bxf5 Bc8 $1
22. Qg6 Bxf5 23. Qxh5+ $16) 20... Qxh4 21. Bxf5 Qxf4 (21... Rxf5 22. Qxf5 Rf8
23. Bg3 $1 $18) 22. Qh7+ Kf7 23. Rae1 1-0

[Event "Bonn GSK"]
[Site "Bonn"]
[Date "1994.??.??"]
[Round "1"]
[White "Kveinys, Aloyzas"]
[Black "Gawehns, Klaus"]
[Result "0-1"]
[WhiteElo "2520"]
[BlackElo "2345"]
[Annotator "Von Gleich,A"]
[PlyCount "104"]
[EventDate "1994.??.??"]
[EventType "tourn"]
[EventRounds "9"]
[EventCountry "GER"]
[EventCategory "12"]
[SourceTitle "CBM 040"]
[Source "ChessBase"]
[SourceDate "1994.06.01"]
[SourceVersion "1"]
[SourceVersionDate "1994.06.01"]
[SourceQuality "1"]

1. e4 c6 2. d4 d5 3. exd5 cxd5 4. c4 Nf6 5. Nc3 e6 6. Nf3 Be7 7. cxd5 Nxd5 8.
Bd3 Nc6 9. O-O O-O 10. Re1 Bf6 11. Be4 Nce7 12. Qd3 g6 13. h4 (13. Ne5 Nc6 (
13... Bd7 14. Qf3 Bc6 15. Bh6)) 13... Bd7 14. Ne5 Bc6 15. Bh6 Re8 16. h5 Nf5
17. hxg6 hxg6 18. Nxc6 bxc6 19. Nxd5 cxd5 20. Bxf5 exf5 21. Bf4 Re4 22. Be5
Bxe5 23. dxe5 Qa5 24. Red1 Rxe5 25. Qd4 Rae8 (25... Re4 26. Qd2) 26. b4 Qa4 27.
a3 a6 28. Rd3 Qc2 29. Rh3 Qe4 30. Rd1 f4 31. Rhd3 Rg5 32. f3 Qxd4+ 33. Rxd4 Re2
34. g4 fxg3 35. Rxd5 Rxd5 36. Rxd5 Re3 37. Ra5 $4 (37. Kg2 Rxa3 38. Kxg3) 37...
Rxf3 38. Rxa6 Rb3 39. Kg2 Kg7 40. Ra4 f5 41. b5 Rxb5 42. Kxg3 Kf6 43. Kh4 g5+
44. Kh5 g4 45. Ra8 Rb1 46. Rf8+ Ke5 47. Kg5 g3 48. Re8+ Kd4 49. Re2 Rf1 50. Rg2
f4 51. Kg4 Rf2 52. Rg1 Ke3 0-1